1108 1497 1673 1840 1722 1259 1420 1852 1189 1167 1473 1336 1622 1092 1965 1604 1576 1635 1891 1142 1820 1720 1824 1369 1456 1895 1459 1200 1532 1347 1916 1570 1050 1741 1680 1554 1285 1738 1845 1121 1643 1228 1248 1182 1722 1277 1480 1128 1052 1472 1753 1230 1300 1146 1074 1445 1284 1820 1102 1313 1531 1461 1437 1542 1459 1221 1040 1249 1419 1485 1664 1210 1603 1482 1031 1530 1384 1573 1581 1311 1129 1252 1983 1510 1899 1895 1924 1511 1136 1233 1787 1731 1754 1993 1419 1375 1836 1717 1130 BCNSPRNW ULIB Ver.6.0+V

เปลี่ยนเป็นภาษาไทย

Change to English
 แสดงรายละเอียดบรรณานุกรม
  กลับหน้าหลัก

Brief Record : Get Marc (ISO 2709) : E-mail record : QR code < ปิดหน้าต่าง
LEADER : 00000nam 2200000uu 4500
001    13399122671
003     ULIB
008    130826s2013||||th 000 0 eng d
020    ^a9781609136864
060 04 ^aWY106^bH942i
100 1  ^aHunt, Roberta
245 10 ^aIntroduction to community-based nursing /^cRoberta Hunt
250    ^a5th ed.
260    ^aPhiladelphia :^bWolters Kluwer/Lippincott Williams & Wilkins,^c2013
300    ^axiii, 482 p. :^bill. ;^c24 cm.
504    ^aIncludes bibliographical references and index
650  2 ^aCommunity Health Nursing
945    ^p1500^l0^i033912
999    ^aเกษร โพธิ์สุวรรณ
รายการนี้ยังไม่มีแท็ก
คุณยังไม่ได้ล็อกอิน คุณสามารถมีกิจกรรมร่วมกับเว็บไซต์ได้ แต่ต้องล็อกอินก่อน ::
  ล็อกอิน

รายการสื่อสารสนเทศ

ลำดับที่ ประเภท เลขเรียก/บาร์โค้ด สถานที่ สถานะ
1. Book การพยาบาล
Book การพยาบาล
WY106 H942i  
  Barcode: 033912
ห้องสมุดวิทยาเขตสวรรค์ประชารักษ์
►หนังสือทั่วไป
บนชั้น

รายการใกล้เคียง
    ผู้แต่ง [Hunt, Roberta]

    หัวเรื่อง [Community Health Nursing]

BibComment


ยังไม่เคยถูกคอมเมนท์

คอมเมนท์ทรัพยากรรายการนี้
  คอมเมนท์: Introduction to ..


 Copyright 2026. Bcnsprnw @Library